| 000 | 01736nam a22005291i 4500 | ||
|---|---|---|---|
| 003 | PE-LiUPU | ||
| 005 | 20250731170502.0 | ||
| 008 | 230607b |||||||| |||| 00| 0 spa d | ||
| 020 | _a8434407078 | ||
| 040 |
_aSpMaBN _bspa _cPE-LiUPU _dPE-LiUPU _erda |
||
| 082 |
_223 _a153.4 _bP579p |
||
| 100 | 1 |
_aPiaget, Jean _d1896-1980 |
|
| 245 | 1 | 0 |
_aPsicología y epistemología / _c[por] Jean Piaget |
| 250 | _aQuinta edición | ||
| 264 |
_aBarcelona : _bAriel, _c1981. |
||
| 300 |
_a189 páginas : _c18 centímetros. |
||
| 490 | 0 |
_a(Ariel quincenal _v57) |
|
| 504 | _aPágina [190] | ||
| 505 | _aLa epistemología genética -- De la psicología genética a la epistemología -- Necesidad y significación de las investigaciones comparativas en psicología genética -- El mito del origen sensorial de los conocimientos científicos -- Sobre la relación de la ciencias con la filosofía -- Clasificación de las disciplinas y conexiones interdisciplinarias. | ||
| 526 | _aSEG68 | ||
| 526 | _aSEG70 | ||
| 526 | _aSEG69 | ||
| 526 | _aSEG67 | ||
| 526 | _aSEG43 | ||
| 526 | _aP144 | ||
| 526 | _aP143 | ||
| 526 | _aP131 | ||
| 526 | _aP122 | ||
| 526 | _aP120 | ||
| 526 | _aP117 | ||
| 526 | _aP112 | ||
| 526 | _aP110 | ||
| 526 | _aP106 | ||
| 526 | _aP101 | ||
| 526 | _aP80 | ||
| 526 | _aP59 | ||
| 526 | _aP54 | ||
| 526 | _aP35 | ||
| 526 | _aP33 | ||
| 526 | _aP30 | ||
| 650 | 7 | _aEpistemología | |
| 650 | 7 | _aAprendizaje | |
| 700 | 1 |
_aFernández Buey, Francisco _d1943-2012 _eTraductor |
|
| 942 |
_2ddc _cBK _n0 |
||
| 980 |
_621515 _aDIGNA BRAÑES Analista Documental _81 _gALBERTO SANCHEZ Responsable de Automatización |
||
| 999 |
_c61837 _d61837 |
||